Los tests: manual de técnicas de exploración psicológica /

Detalhes bibliográficos
Autor principal: Székely, Béla (autor)
Formato: Kit
Idioma:Spanish
Publicado em: Buenos Aires: Edit. Kapelusz, 1960.
Edição:Cuarta edición
Colecção:Biblioteca de ciencias de la educación, no. 3
Assuntos:
Acesso em linha:http://nas.ucuenca.edu.ec/BibliotecaDigital/ebooks/librosyrev/54298-3.pdf

MARC

LEADER 00000cac a2200000 i 4500
003 Ucuenca
005 20230308211953.0
007 ta
008 000000s1960 ag a||||r|||||||||||spa a
040 |b spa  |a UCuenca-cdrjbv  |c UCuenca  |e rda 
041 0 |a spa 
082 0 |2 21  |a 153.9  |c 54298-3 
100 1 |a Székely, Béla.  |e autor  |9 92178 
245 1 4 |a Los tests:   |b manual de técnicas de exploración psicológica /   |c Béla Székely, director, Alfredo D. Calcagno. 
250 |a Cuarta edición 
264 1 |a Buenos Aires:   |b Edit. Kapelusz,   |c 1960. 
300 |a xxii, 796 páginas:  |b tab  |c 21 cm 
336 |2 rdacontent  |a texto  |b txt 
337 |2 rdamedia  |a no mediado  |b n 
338 |2 rdacarrier  |a volumen  |b nc 
490 0 |a Biblioteca de ciencias de la educación,   |v no. 3 
500 |a PDF, contiene solo índice 
505 1 |a Los tests y su estructura -- Tests antropométricos, sensoriales y perceptivos -- Tests psicopedagógicos -- La psicología y psicometría de la inteligencia y de las aptitudes -- Tests individuales de inteligencia -- Tests preescolares -- Escala de puntos -- Laberintos de porteus -- Test del laberinto de Fredy Chapuis -- Tests de la cerradura, del cuadrado de letras y de mandados -- Tests colectivos de inteligencia -- Tests de aptitudes parciales, especiales, etc -- Perfiles psicológicos -- Tests colectivos gráficos y escritos -- Selección y orientación en el comercio y la técnica -- Torpeza y brillantez intelectuales -- Psicodiagnósticos breves, tests de asociaciones dirigidas y test gestáltico visomotor -- Tests proyectivos, caracterológicos y parapsicológicos -- El psicodiagnóstico experimental de szondi. 
650 1 7 |2 UCuenca-cdrjbv  |a Inteligencia  |9 9973 
650 1 7 |2 UCuenca-cdrjbv  |a Psicodiagnóstico  |9 44444 
650 1 7 |2 UCuenca-cdrjbv  |a Tests de inteligencia  |9 20359 
651 |2 UCuenca-cdrjbv 
852 |a UC-CDJBV 
856 |u http://nas.ucuenca.edu.ec/BibliotecaDigital/ebooks/librosyrev/54298-3.pdf 
942 |c CR  |0 1  |2 ddc  |r luz.vázquez@ucuenca.edu.ec 
999 |c 120497  |d 120497